[Event "Muensterland Verbandsklasse 1920"]
[Site "Germany"]
[Date "2020.02.29"]
[Round "7.4"]
[White "Buchholz, Christian"]
[Black "Niewerth, Gerd"]
[Result "0-1"]
[WhiteElo "1683"]
[BlackElo "1826"]
[PlyCount "80"]
[EventDate "2019.09.14"]
[EventType "team-tourn"]
[EventRounds "7"]
[EventCountry "GER"]
[SourceTitle "EXT 2023"]
[Source "ChessBase"]
[SourceDate "2022.10.05"]
[SourceVersion "1"]
[SourceVersionDate "2022.10.05"]
[SourceQuality "1"]
[WhiteTeam "Hiltrup"]
[BlackTeam "Heiden"]
[WhiteTeamCountry "GER"]
[BlackTeamCountry "GER"]

1. e4 c6 2. d4 d5 3. Nc3 dxe4 4. Nxe4 Bf5 5. Ng3 Bg6 6. Nf3 Nd7 7. h4 h6 8. Bf4 Ngf6 9. c4 e6 10. a3 Be7 11. Bd3 Bxd3 12. Qxd3 Qa5+ 13. b4 Bxb4+ 14. Ke2 Be7 15. Rhb1 Qa6 16. c5 Qxd3+ 17. Kxd3 Nd5 18. Bd2 Bf6 19. Nh5 b6 20. Nxf6+ N5xf6 21. cxb6 axb6 22. Rc1 c5 23. dxc5 Nxc5+ 24. Ke2 Nb3 25. Bb4 Nxa1 26. Rxa1 Nd5 27. Rc1 Nxb4 28. axb4 0-0 29. Rc6 b5 30. Ne5 Ra4 31. Nd3 Rd8 32. Rc3 g6 33. g3 Rxd3 34. Rc8+ Kg7 35. Kxd3 Rxb4 36. Rc3 Kf6 37. Kc2 Rc4 38. f3 Ke5 39. Kd3 Rxc3+ 40. Kxc3 b4+ 0-1

[Event "Muensterland Verbandsklasse 1819"]
[Site "Germany"]
[Date "2019.02.09"]
[Round "6.6"]
[White "Buchholz, Christian"]
[Black "Sprenger, Franz"]
[Result "1/2-1/2"]
[WhiteElo "1612"]
[BlackElo "1666"]
[PlyCount "164"]
[EventDate "2018.09.15"]
[EventType "team-tourn"]
[EventRounds "9"]
[EventCountry "GER"]
[SourceTitle "EXT 2020"]
[Source "ChessBase"]
[SourceDate "2019.10.17"]
[SourceVersion "1"]
[SourceVersionDate "2019.10.17"]
[SourceQuality "1"]
[WhiteTeam "Hiltrup"]
[BlackTeam "Gronau II"]
[WhiteTeamCountry "GER"]
[BlackTeamCountry "GER"]

1. e4 e5 2. Nf3 Nc6 3. d4 exd4 4. Nxd4 Ne5 5. Bf4 Ng6 6. Bg3 d6 7. Nc3 Nf6 8. Bc4 Be7 9. 0-0 0-0 10. Re1 a6 11. Nd5 Nxd5 12. exd5 Bf6 13. c3 Be5 14. Bxe5 Nxe5 15. Be2 Qf6 16. Nf3 Ng6 17. Qd4 Qxd4 18. Nxd4 Bd7 19. g3 Rae8 20. f4 Ne7 21. Bf3 c6 22. dxc6 bxc6 23. Kf2 c5 24. Nc2 Be6 25. b3 d5 26. Rad1 g6 27. Ne3 Rd8 28. Ng4 Kg7 29. Ne5 a5 30. g4 c4 31. bxc4 dxc4 32. Nxc4 Bxc4 33. Rxe7 Bxa2 34. Ra7 Bb3 35. Rxd8 Rxd8 36. Rxa5 Rc8 37. Ra3 Rxc3 38. Bd1 Bxd1 39. Rxc3 Bxg4 40. Kg3 h5 41. Rc5 Be6 42. Kh4 Kh6 43. Rc6 Bf5 44. Rb6 Be6 45. Rb8 Bd5 46. Rh8+ Kg7 47. Rd8 Be6 48. Kg5 Bh3 49. Rd6 Bf5 50. Rb6 Be6 51. Rb5 Bh3 52. Kh4 Be6 53. Kg3 Kh6 54. h4 Kg7 55. Kf3 Bc4 56. Rb6 Bd5+ 57. Ke3 Be6 58. Ke4 Ba2 59. Ke5 Bc4 60. f5 gxf5 61. Kxf5 Bd3+ 62. Kg5 Bg6 63. Rd6 Bc2 64. Rf6 Bg6 65. Rf2 Be4 66. Kxh5 Bd5 67. Kg5 Kh7 68. Rf1 Be6 69. Rg1 Kg7 70. h5 Bd5 71. h6+ Kh7 72. Rg3 Be6 73. Rf3 Bd5 74. Rc3 Be6 75. Rc2 Bh3 76. Rd2 Be6 77. Kf6 Bc4 78. Rd8 Be6 79. Rd2 Bc4 80. Rd7 Be6 81. Rxf7+ Bxf7 82. Kxf7 Kxh6 1/2-1/2

[Event "Muensterland Verbandsklasse 1819"]
[Site "Germany"]
[Date "2018.10.06"]
[Round "2.7"]
[White "Hagemann, Lars"]
[Black "Buchholz, Christian"]
[Result "1/2-1/2"]
[WhiteElo "1704"]
[BlackElo "1612"]
[PlyCount "71"]
[EventDate "2018.09.15"]
[EventType "team-tourn"]
[EventRounds "9"]
[EventCountry "GER"]
[SourceTitle "EXT 2020"]
[Source "ChessBase"]
[SourceDate "2019.10.17"]
[SourceVersion "1"]
[SourceVersionDate "2019.10.17"]
[SourceQuality "1"]
[WhiteTeam "Nienberge II"]
[BlackTeam "Hiltrup"]
[WhiteTeamCountry "GER"]
[BlackTeamCountry "GER"]

1. d4 d5 2. c4 e6 3. Nc3 Nf6 4. Nf3 Nc6 5. g3 h6 6. Bg2 Bb4 7. 0-0 0-0 8. a3 Bxc3 9. bxc3 dxc4 10. Qa4 Nd5 11. Qxc4 Na5 12. Qd3 Nb3 13. Rb1 Nxc1 14. Rfxc1 c6 15. e4 Nb6 16. c4 Qe7 17. c5 Nd7 18. a4 Rd8 19. Qc3 Nf6 20. Nd2 Qc7 21. Nc4 Ne8 22. Na5 Rb8 23. e5 Bd7 24. Rb2 b6 25. cxb6 Rxb6 26. Rcb1 Rc8 27. Qc5 Rcb8 28. Nc4 Rxb2 29. Rxb2 Rxb2 30. Nxb2 Qb6 31. Qc3 Nc7 32. a5 Qb5 33. Bf1 Nd5 34. Qd2 Qb4 35. Qxb4 Nxb4 36. Nd3 1/2-1/2

[Event "Muensterland Verbandsklasse 1718"]
[Site "Germany"]
[Date "2018.02.17"]
[Round "6.6"]
[White "Everke, Enrique"]
[Black "Buchholz, Christian"]
[Result "1/2-1/2"]
[WhiteElo "1641"]
[BlackElo "1606"]
[PlyCount "50"]
[EventDate "2017.09.16"]
[EventType "team-tourn"]
[EventRounds "9"]
[EventCountry "GER"]
[SourceTitle "EXT 2019"]
[Source "ChessBase"]
[SourceDate "2018.10.10"]
[SourceVersion "1"]
[SourceVersionDate "2018.10.10"]
[SourceQuality "1"]
[WhiteTeam "Muenster Indische Dame"]
[BlackTeam "Hiltrup"]
[WhiteTeamCountry "GER"]
[BlackTeamCountry "GER"]

1. c4 e5 2. Nc3 Nf6 3. g3 Nc6 4. Bg2 Bc5 5. d3 Ng4 6. e3 d6 7. Nge2 Be6 8. a3 a5 9. Nd5 0-0 10. Nec3 Nf6 11. 0-0 Rb8 12. Nb5 Bxd5 13. cxd5 Ne7 14. e4 c6 15. Nc3 cxd5 16. exd5 h6 17. a4 Qb6 18. Qf3 Nh7 19. Rb1 f5 20. Qh5 Nf6 21. Qe2 e4 22. dxe4 fxe4 23. Bh3 Rbe8 24. Be6+ Kh8 25. h4 Nc6 1/2-1/2

[Event "Muensterland Verbandsklasse 1718"]
[Site "Germany"]
[Date "2018.01.27"]
[Round "5.6"]
[White "Buchholz, Christian"]
[Black "Wilde, Juergen"]
[Result "0-1"]
[WhiteElo "1606"]
[BlackElo "1634"]
[PlyCount "78"]
[EventDate "2017.09.16"]
[EventType "team-tourn"]
[EventRounds "9"]
[EventCountry "GER"]
[SourceTitle "EXT 2019"]
[Source "ChessBase"]
[SourceDate "2018.10.10"]
[SourceVersion "1"]
[SourceVersionDate "2018.10.10"]
[SourceQuality "1"]
[WhiteTeam "Hiltrup"]
[BlackTeam "Rheine Klein Berlin II"]
[WhiteTeamCountry "GER"]
[BlackTeamCountry "GER"]

1. e4 c5 2. Nf3 Nc6 3. d4 cxd4 4. Nxd4 Nf6 5. Nc3 e6 6. Nxc6 bxc6 7. Bg5 Be7 8. Bd3 d5 9. e5 Nd7 10. Bxe7 Qxe7 11. Qe2 Qb4 12. Rb1 Qf4 13. 0-0 Qxe5 14. Rfe1 Qxe2 15. Rxe2 0-0 16. Rbe1 e5 17. Bf5 f6 18. b4 Nb6 19. Bxc8 Rfxc8 20. f3 a6 21. Rb1 Rab8 22. Rb3 d4 23. Ne4 Nd5 24. Nc5 Rxb4 25. Nxa6 Ra4 26. Nc5 Ra5 27. Ne4 Rxa2 28. Kf2 Ne3 29. Nd6 Rd8 30. Nb7 Rb8 31. Nc5 Rxb3 32. cxb3 Rxe2+ 33. Kxe2 Kf7 34. g3 Ke7 35. f4 Kd6 36. Nd3 e4 37. Nb4 c5 38. Na6 Nc2 39. Kd2 Nb4 0-1

[Event "Muensterland Verbandsklasse 1718"]
[Site "Germany"]
[Date "2017.12.16"]
[Round "4.6"]
[White "Musholt, Joachim"]
[Black "Buchholz, Christian"]
[Result "0-1"]
[WhiteElo "1737"]
[BlackElo "1606"]
[PlyCount "76"]
[EventDate "2017.09.16"]
[EventType "team-tourn"]
[EventRounds "9"]
[EventCountry "GER"]
[SourceTitle "EXT 2019"]
[Source "ChessBase"]
[SourceDate "2018.10.10"]
[SourceVersion "1"]
[SourceVersionDate "2018.10.10"]
[SourceQuality "1"]
[WhiteTeam "Suedlohn II"]
[BlackTeam "Hiltrup"]
[WhiteTeamCountry "GER"]
[BlackTeamCountry "GER"]

1. e4 c5 2. Nf3 d6 3. d4 cxd4 4. Nxd4 Nf6 5. Nc3 a6 6. f3 e5 7. Nb3 Be6 8. Be3 Nc6 9. Qd2 d5 10. exd5 Nxd5 11. Nxd5 Qxd5 12. Qxd5 Bxd5 13. 0-0-0 Nb4 14. Kb1 Rc8 15. c3 Bxb3 16. axb3 Nc6 17. Bd3 g6 18. h4 h5 19. b4 b5 20. f4 f5 21. fxe5 Nxe5 22. Bd4 Nxd3 23. Bxh8 Nf2 24. Rhe1+ Ne4 25. Be5 Rc6 26. Rd5 Be7 27. g3 Kf7 28. Bf4 Ke6 29. Re5+ Kf7 30. R5xe4 fxe4 31. Rxe4 Bd6 32. Kc2 Kf6 33. Kd3 Kf5 34. Rd4 Bxf4 35. Rxf4+ Ke5 36. Re4+ Kf5 37. b3 Rxc3+ 38. Kd4 Rxg3 0-1

[Event "Muenster Bezirksliga 0607"]
[Site "Germany"]
[Date "2006.12.16"]
[Round "4.15"]
[White "Huerter, Wilhelm"]
[Black "Buchholz, Christian"]
[Result "1-0"]
[WhiteElo "1750"]
[BlackElo "1251"]
[PlyCount "33"]
[EventDate "2006.09.16"]
[EventType "team"]
[EventRounds "9"]
[EventCountry "GER"]
[SourceTitle "EXT 2008"]
[Source "ChessBase"]
[SourceDate "2007.11.25"]
[SourceVersion "1"]
[SourceVersionDate "2007.11.25"]
[SourceQuality "1"]
[WhiteTeam "Sendenhorst II"]
[BlackTeam "Hiltrup"]
[WhiteTeamCountry "GER"]
[BlackTeamCountry "GER"]

1. e4 e5 2. f4 Bc5 3. Nf3 Nc6 4. fxe5 Nxe5 5. d4 Nxf3+ 6. Qxf3 Bxd4 7. Bc4 Qf6 8. Qe2 d6 9. Rf1 Qh4+ 10. g3 Qg4 11. Bxf7+ Kd8 12. Qd3 Be5 13. Bf4 Ke7 14. Bxe5 dxe5 15. Qa3+ Kd8 16. Qf8+ Kd7 17. Be8+ 1-0